Trustees of Beardsley Theobalds Retirement Benefit Scheme v Joshua Yardley (Record no. 84163)
[ view plain ]
| 000 -LEADER | |
|---|---|
| fixed length control field | 01371cab a22001935a 4500 |
| 001 - CONTROL NUMBER | |
| control field | L156803 |
| 008 - FIXED-LENGTH DATA ELEMENTS--GENERAL INFORMATION | |
| fixed length control field | 120716e2011 xxk 000 0 eng d |
| 035 ## - SYSTEM CONTROL NUMBER | |
| System control number | (Sirsi) u156803 |
| 041 0# - LANGUAGE CODE | |
| Language code of text/sound track or separate title | eng |
| 245 00 - TITLE STATEMENT | |
| Title | Trustees of Beardsley Theobalds Retirement Benefit Scheme v Joshua Yardley |
| Medium | [electronic resource] |
| 260 ## - PUBLICATION, DISTRIBUTION, ETC. | |
| Date of publication, distribution, etc. | 2011 |
| 520 ## - SUMMARY, ETC. | |
| Summary, etc. | [2011] EWHC 1380 (QB), 30 September 2011. In certain circumstances landlords should check that guarantors have been made aware of their commitments. Failure to do so by landlords could render the guarantee unenforceable. Claimants T are the freehold owners of a Nottingham premises leased to Body Care International Ltd (BCIL) in 2003 for a 15 year term. A BCIL company director M, not wanting to become a guarantor of BCIL which he knew to be in financial difficulties, obtained the signature of defendant Y without Y realising that he was then the guarantor. BCIL went into liquidation. T claimed £100 000 from Y. "Held": the court found in favour of Y: the guarantee was unenforceable as Y had been unduly influenced by M. |
| 590 ## - LOCAL NOTE (RLIN) | |
| Local note | KA |
| 650 24 - SUBJECT ADDED ENTRY--TOPICAL TERM | |
| Topical term or geographic name entry element | TRUSTEES OF BEARDSLEY THEOBALDS RETIREMENT BENEFIT SCHEME V YARDLEY |
| 651 #4 - SUBJECT ADDED ENTRY--GEOGRAPHIC NAME | |
| Geographic name | England and Wales |
| Chronological subdivision | 1543- |
| 690 ## - LOCAL SUBJECT ADDED ENTRY--TOPICAL TERM (OCLC, RLIN) | |
| Topical term or geographic name as entry element | Landlord and tenant |
| 9 (RLIN) | 6252 |
| 856 40 - ELECTRONIC LOCATION AND ACCESS | |
| Uniform Resource Identifier | <a href="https://www.bailii.org/ew/cases/EWHC/QB/2011/1380.html">https://www.bailii.org/ew/cases/EWHC/QB/2011/1380.html</a> |
| Public note | View the decision at www.bailii.org |
| 942 ## - ADDED ENTRY ELEMENTS (KOHA) | |
| Suppress in OPAC | 0 |
| Withdrawn status | Lost status | Source of classification or shelving scheme | Damaged status | Not for loan | Home library | Current library | Shelving location | Date acquired | Total Checkouts | Full call number | Barcode | Date last seen | Copy number | Price effective from | Koha item type |
|---|---|---|---|---|---|---|---|---|---|---|---|---|---|---|---|
| Dewey Decimal Classification | Virtual | Virtual | Online | 16/07/2012 | ONLINE PUBLICATION | 156803-2001 | 06/08/2019 | 1 | 06/08/2019 | Law report |